Państwa z dostępem do kilku oceanów - Statystyki

Ogólne statystyki
  • Ten quiz został rozwiązany 282 razy
  • Średni wynik to 16 z 22
Statystyki odpowiedzi
Państwo Hint % Poprawnych
Stany Zjednoczone Spokojny, Atlantycki, Arktyczny
100%
Kanada Spokojny, Atlantycki, Arktyczny
99%
Rosja Spokojny, Atlantycki, Arktyczny
95%
Australia Spokojny, Indyjski
94%
Meksyk Spokojny, Atlantycki
92%
Republika Południowej Afryki Atlantycki, Indyjski
90%
Argentyna Spokojny, Atlantycki
84%
Indonezja Spokojny, Indyjski
84%
Panama Spokojny, Atlantycki
83%
Chile Spokojny, Atlantycki
82%
Norwegia Atlantycki, Arktyczny
74%
Kostaryka Spokojny, Atlantycki
72%
Nikaragua Spokojny, Atlantycki
71%
Kolumbia Spokojny, Atlantycki
69%
Malezja Spokojny, Indyjski
69%
Gwatemala Spokojny, Atlantycki
67%
Honduras Spokojny, Atlantycki
65%
Tajlandia Spokojny, Indyjski
57%
Islandia Atlantycki, Arktyczny
54%
Egipt Atlantycki, Indyjski
47%
Singapur Spokojny, Indyjski
40%
Izrael Atlantycki, Indyjski
28%
Nie znaleziono quizów pasujących do podanych kryteriów
Rozkład punktacji
Procent ludzi z każdym wynikiem
Percentyl według liczby udzielonych odpowiedzi
Twoja historia wyników
Nie rozwiązałeś tego quizu